000 00483nam a22001697a 4500
999 _c163375
_d163375
005 20190411163620.0
010 _aB-122284
020 _a8123011423
_c75.00
035 _aB-122284
037 _bPublication Division
082 _a629.450092
100 _aMahanti, Subodh
245 _aKalpana Chawla /
_cSubodh Mahanti
260 _aNew Delhi
_bPublication Division
_c2004
300 _a139p. (it include index)
_c22cm(pbk)
942 _2ddc
_cEN
_h629.450092
_mCHA